000 00653nam a22002057a 4500
003 OSt
005 20250725123136.0
008 250725b |||||||| |||| 00| 0 eng d
020 _a978-0-87120-368-7
040 _cChuka University Library
050 _aLB 1590.3.D6
100 _aCosta L. Arthur...et al
_920518
245 _aDiscovering & Exploring Habits of Mind
260 _aAlexandria, Virginia USA
_bAssociation for Supervision and Curriculum Development
_c2000
300 _a108p.
650 _aThought and Thinking Study and Teaching
_920519
650 _aCognition in Children
_911450
650 _aIntellect
_920520
942 _2lcc
_cBK
_n0
999 _c19968
_d19968